Quick Pick: US Cites in Movie Titles Quiz Stats

 Plays Quiz Updated May 24, 2016

Challenge
Share
Tweet
Embed
Score 0/16 Timer 01:30
3 Plays Today
% Correct
Seattle
95.4%
New York
93.4%
Yuma
82.2%
Las Vegas
81%
Boston
77.6%
St. Louis
76%
Philadelphia
72.8%
Memphis
69.5%
% Correct
Cincinnati
64.2%
Dallas
64%
Los Angeles
55.4%
Denver
46.7%
Honolulu
40.2%
Reno
38.4%
Buffalo
34.3%
San Diego
24.5%

Today's Daily Dose

Missing Word
Hayao Miyazaki

Word Ladder
Florida

On This Day
December 13th II

You're not logged in!

Compare scores with friends on all Sporcle quizzes.
OR
Log In

You Might Also Like...

Show Comments

Extras

Top Quizzes Today


Score Distribution

Your Account Isn't Verified!

In order to create a playlist on Sporcle, you need to verify the email address you used during registration. Go to your Sporcle Settings to finish the process.

Report this User

Report this user for behavior that violates our Community Guidelines.

Details: